000 01137nam a2200205Ia 4500
003 Ost
005 20260507075100.0
008 260507s9999||||xx |||||||||||||| ||und||
040 _cfsecg
041 _aara
082 _a346.066
100 _aالقضاة، مفلح عواد
_eمؤلف
245 0 _aالوجود الواقعي والوجود القانوني للشركة الفعلية في القانون المقارن /
_c مفلح عواد القضاة
260 _aعمان:
_bمكتبة دار الثقافة,
_c[دون تاريخ]
300 _a530 صفحة؛
_c24 سم
504 _aبيبليوغرافيا ص.503
520 _aالأسس التي تقوم عليها الشركة الفعلية،نشأة نظرية الشركة الفعلية،وجود الشركة الفعلية،نطاق الشركات الفعلية،النظام القانوني للشركات الفعلية،الآثار المترتبة على مخالفة الشركة الفعلية للقانون،الاغتراف بوجود الشركة الفعلية
653 _aالشركات- قوانين وتشريعات
942 _cكتاب
999 _c42779
_d42779